000 00492nam a2200181Ia 4500
999 _c14575
_d14575
003 OSt
005 20201103120218.0
008 190216s9999||||xx |||||||||||||| ||und||
020 _a9788176257541
040 _coclc
082 _a920
_bSAR/R
100 _aSarkar, R N
_96222
245 0 _aRushdie In Essence /
_cR N Sarkar
260 _bSarup Book Publishers,
_c2011.
_aNew Delhi:
300 _a294p
650 _aEnglish
942 _cBK
_2ddc
_h920
_iSAR/R
_k920
_mSAR/R